All Shermniverse Characters - Statistics

General Stats
  • This quiz has been taken 15 times
    3 since last reset
  • The average score is 59 of 88
Answer Stats
Answer % Correct
Austin
100%
Ballsackians
100%
Barack Obama
100%
Black SpongeBob
100%
Botswana
100%
Bungalo
100%
Chandler
100%
Donald Skump
100%
Donald Trump
100%
Dr. Phil
100%
Grandma Mya
100%
Hair Scorpion
100%
Heffley
100%
Hillary Clinton
100%
Hoargy
100%
Horace
100%
Jax
100%
Juilee
100%
Kya
100%
Math Kid
100%
Maurice
100%
Mogua
100%
Mr. Beast
100%
Mr. Wendell
100%
Mya
100%
Mya's Little Cusion
100%
Phil Swift
100%
Pubert
100%
Samantha
100%
Sheniqua
100%
Skemptastical Twon Twons
100%
Skya
100%
S-Master
100%
Steve Harvey
100%
Tentill
100%
The Void
100%
Uncle Sherman
100%
Wilson the Worm
100%
Betty
50%
Bob
50%
Bungalo Jr.
50%
Cheek-Clapper Clementine
50%
Chicken Nuggets American Cheese Bread
50%
Geraldine
50%
Dr. Anthony Bolganda
50%
Dr. Humpcheeks
50%
Dr. Philers
50%
Dr. Phyrench F. Ries
50%
Dr. Pill
50%
Emile
50%
Ernest
50%
Fat Braden
50%
Gordon Ramsay
50%
Harold Crump
50%
Incisaur
50%
Indonesian Ballsack Lickers
50%
Jaquavious
50%
Jordan
50%
Judge Judy
50%
Karl
50%
Kelly Bathwater
50%
Kyle
50%
Mayor Jimbo
50%
Mr. Yorkle
50%
Mya's Big Cusion
50%
Nodo
50%
Officer Bergundy
50%
Officer Ganglebitch
50%
Pipsqueak
50%
Robo-Clinton
50%
Robotic Harveytron
50%
Skruxley
50%
Stevey Harvonomore
50%
The Forgotten Myas
50%
Thrumble
50%
Tootie
50%
Trenton
50%
Tya
50%
Unknown
50%
Zyordians
50%
Booba
0%
Booba's Indonesian Cousin
0%
Bunkle Berman
0%
Hunkle Nerman
0%
Schlonkbobby's Uncle
0%
Schlonkbobby the Pooper
0%
The Worgwiss
0%
Unidentified Being from the Cosmos
0%
No matching quizzes found
Score Distribution
Percent of People with Each Score
Percentile by Number Answered
Your Score History
You have not taken this quiz since the last reset